[Event "4NCL/Div3/BAB vs. BRI3"]
[Site "Wokefield Park ENG"]
[Date "2010.05.02"]
[Round "10.1"]
[White "Harley-Yeo, Gareth"]
[Black "Dunlop, Neil J"]
[Result "1-0"]
[WhiteElo "2053"]
[BlackElo "1802"]
[PlyCount "55"]
[EventDate "2010.05.02"]
[SourceDate "2009.10.24"]

1. d4 Nf6 2. c4 g6 3. Nc3 Bg7 4. e4 d6 5. Nge2 O-O 6. Ng3 e5 7. d5 c6 8. Be2
Ne8 9. h4 f5 10. Bg5 Bf6 11. Bh6 Bg7 12. Bxg7 Kxg7 13. exf5 gxf5 14. f4 e4 15.
Qd4+ Kg8 16. O-O-O c5 17. Qe3 Nf6 18. Rdg1 Bd7 19. Nh5 a6 20. Qg3+ Ng4 21. Bxg4
fxg4 22. Nxe4 Bf5 23. Qc3 Rf7 24. Ng5 Re7 25. Nf6+ Kf8 26. Nxg4 Rg7 27. Nh6 Bd7
28. g4 1-0

[Event "4NCL/Div3/BAB vs. BRI3"]
[Site "Wokefield Park ENG"]
[Date "2010.05.02"]
[Round "10.2"]
[White "Dunn, Richard S"]
[Black "Lawson, Maurice E"]
[Result "1/2-1/2"]
[WhiteElo "1866"]
[BlackElo "2066"]
[PlyCount "31"]
[EventDate "2010.05.02"]
[SourceDate "2009.10.24"]

1. c4 f5 2. Nf3 Nf6 3. Nc3 g6 4. e3 Bg7 5. d4 O-O 6. Bd3 d6 7. O-O Qe8 8. d5
Na6 9. Nd4 e5 10. dxe6 Bxe6 11. b3 Nc5 12. Bb2 Nxd3 13. Qxd3 a6 14. Rad1 Bd7
15. Ba1 Bc6 16. Nxc6 1/2-1/2

[Event "4NCL/Div3/BAB vs. BRI3"]
[Site "Wokefield Park ENG"]
[Date "2010.05.02"]
[Round "10.4"]
[White "Woodruff, David G"]
[Black "Davies, Matthew"]
[Result "0-1"]
[WhiteElo "1666"]
[BlackElo "1956"]
[PlyCount "100"]
[EventDate "2010.05.02"]
[SourceDate "2009.10.24"]

1. c4 c5 2. Nc3 Nc6 3. g3 g6 4. Bg2 Bg7 5. e3 d6 6. Nge2 e5 7. Nd5 Nge7 8. Nec3
O-O 9. O-O f5 10. f4 a6 11. d3 Rb8 12. a4 Kh8 13. b3 Nxd5 14. Nxd5 exf4 15. Rb1
fxg3 16. hxg3 Ne7 17. Qc2 Nxd5 18. Bxd5 Qe7 19. Re1 Be6 20. Bxe6 Qxe6 21. Bb2
Bxb2 22. Qxb2+ Qe5 23. Qxe5+ dxe5 24. Kf2 Rbd8 25. Rbd1 Rd6 26. Ke2 Rfd8 27.
Rh1 Kg7 28. e4 fxe4 29. dxe4 Rxd1 30. Rxd1 Rxd1 31. Kxd1 a5 32. Ke2 Kf6 33. Ke3
Kg5 34. Kf3 b6 35. Kf2 Kg4 36. Kg2 g5 37. Kf2 h5 38. Kg2 h4 39. gxh4 gxh4 40.
Kh2 h3 41. Kh1 Kf4 42. Kh2 Kxe4 43. Kxh3 Kd3 44. Kg3 e4 45. Kf2 Kd2 46. Kg3 e3
47. Kf4 e2 48. Ke4 e1=Q+ 49. Kd5 Qh1+ 50. Kd6 Qb7 0-1

[Event "4NCL/Div3/BAB vs. BRI3"]
[Site "Wokefield Park ENG"]
[Date "2010.05.02"]
[Round "10.5"]
[White "Foster, William E"]
[Black "Taylor, John-Paul"]
[Result "1/2-1/2"]
[WhiteElo "1800"]
[BlackElo "1306"]
[PlyCount "23"]
[EventDate "2010.05.02"]
[SourceDate "2009.10.24"]

1. c4 c5 2. Nc3 Nc6 3. e4 e5 4. g3 g6 5. Bg2 Bg7 6. Nge2 Nge7 7. O-O O-O 8. d3
d6 9. h3 h6 10. Kh2 Kh7 11. f4 f5 12. Bd2 1/2-1/2

[Event "4NCL/Div3/BAB vs. BRI3"]
[Site "Wokefield Park ENG"]
[Date "2010.05.02"]
[Round "10.6"]
[White "Smith, Tom"]
[Black "Parry, Matthew"]
[Result "1/2-1/2"]
[WhiteElo "1290"]
[BlackElo "1794"]
[PlyCount "38"]
[EventDate "2010.05.02"]
[SourceDate "2009.10.24"]

1. e4 c5 2. d4 cxd4 3. c3 dxc3 4. Nxc3 Nc6 5. Nf3 d6 6. Bc4 Nf6 7. e5 dxe5 8.
Qxd8+ Nxd8 9. Nb5 Rb8 10. Nxe5 e6 11. Be3 Bb4+ 12. Ke2 O-O 13. Bxa7 Ra8 14. Bd4
Nc6 15. Nxc6 bxc6 16. Nc3 Nd5 17. Rhc1 Bb7 18. g3 Rfd8 19. Be3 Nxc3+ 1/2-1/2

[Event "4NCL/Div3/GUEM vs. BRI2"]
[Site "Wokefield Park ENG"]
[Date "2010.05.02"]
[Round "10.1"]
[White "Hamperl, Fred A"]
[Black "Humphreys, Jerry G"]
[Result "1-0"]
[WhiteElo "2070"]
[BlackElo "2082"]
[PlyCount "79"]
[EventDate "2010.05.02"]
[SourceDate "2009.10.24"]

1. e4 c5 2. Nc3 e6 3. f4 Nc6 4. Nf3 d6 5. Bc4 Nf6 6. d3 Be7 7. O-O O-O 8. Qe1
Re8 9. Bb3 a6 10. Qg3 b5 11. a4 Rb8 12. f5 c4 13. Ba2 cxd3 14. fxe6 Bxe6 15.
Bxe6 fxe6 16. axb5 axb5 17. cxd3 Nd7 18. d4 Nf8 19. d5 b4 20. Ne2 exd5 21. exd5
Ne5 22. Nxe5 dxe5 23. Qb3 Bc5+ 24. Kh1 Qd7 25. Ng3 e4 26. Bf4 Rbd8 27. Rad1 Ng6
28. Bg5 Rc8 29. d6+ Re6 30. Nxe4 Kh8 31. Nxc5 Rxc5 32. Be7 Rc8 33. Rf7 Nxe7 34.
Qg3 Rg6 35. Rxe7 Qa4 36. Qd3 Qa8 37. Re2 Rd8 38. d7 Qc6 39. Qd5 Qa4 40. b3 1-0

[Event "4NCL/Div3/GUEM vs. BRI2"]
[Site "Wokefield Park ENG"]
[Date "2010.05.02"]
[Round "10.2"]
[White "Stewart, Joseph"]
[Black "Jamieson, Ian M"]
[Result "1-0"]
[WhiteElo "1994"]
[BlackElo "2016"]
[PlyCount "45"]
[EventDate "2010.05.02"]
[SourceDate "2009.10.24"]

1. e4 e6 2. d4 d5 3. exd5 exd5 4. Nf3 Nf6 5. Bg5 Be7 6. Bd3 O-O 7. O-O Re8 8.
c3 Nbd7 9. Nbd2 Nf8 10. Ne5 Ng6 11. f4 Nd7 12. Bxe7 Rxe7 13. Qf3 Ndf8 14. Qg3
Re8 15. f5 Nxe5 16. dxe5 Qe7 17. Rae1 Qc5+ 18. Kh1 Bd7 19. Nb3 Qb6 20. f6 g6
21. Qg5 Ne6 22. Qh6 Bb5 23. Bxb5 1-0

[Event "4NCL/Div3/GUEM vs. BRI2"]
[Site "Wokefield Park ENG"]
[Date "2010.05.02"]
[Round "10.3"]
[White "Mooney, Graham"]
[Black "Castruccio, Angelo"]
[Result "1/2-1/2"]
[WhiteElo "1986"]
[BlackElo "1962"]
[PlyCount "39"]
[EventDate "2010.05.02"]
[SourceDate "2009.10.24"]

1. e4 e5 2. Nf3 Nc6 3. Bb5 a6 4. Ba4 Nf6 5. O-O b5 6. Bb3 Bc5 7. Nxe5 Nxe5 8.
d4 Bxd4 9. Qxd4 d6 10. c3 O-O 11. Bg5 h6 12. Bh4 c5 13. Bxf6 Qxf6 14. Qe3 Bb7
15. f3 Rfd8 16. Nd2 c4 17. Bc2 d5 18. Rad1 dxe4 19. Nxe4 Bxe4 20. Bxe4 1/2-1/2

[Event "4NCL/Div3/GUEM vs. BRI2"]
[Site "Wokefield Park ENG"]
[Date "2010.05.02"]
[Round "10.4"]
[White "Bromilow, Edward T"]
[Black "Brookfield, Toby N"]
[Result "1-0"]
[WhiteElo "1922"]
[BlackElo "1796"]
[PlyCount "79"]
[EventDate "2010.05.02"]
[SourceDate "2009.10.24"]

1. d4 f5 2. Bg5 g6 3. e4 fxe4 4. f3 e3 5. Nc3 Bg7 6. Bc4 Nc6 7. Bxe3 Nf6 8. Qd2
d5 9. Bb5 Bd7 10. a3 O-O 11. Nge2 a6 12. Bd3 e5 13. O-O-O b5 14. dxe5 Nxe5 15.
Bc5 Re8 16. Nd4 c6 17. Kb1 a5 18. Rhe1 Qc7 19. Qf4 Nh5 20. Qd2 b4 21. Na4 bxa3
22. Bxa3 Nxd3 23. Qxd3 Nf4 24. Qd2 Rxe1 25. Rxe1 Nxg2 26. Re7 Qxh2 27. Rxd7
Qg1+ 28. Ka2 Qxd4 29. Rxg7+ Qxg7 30. Qxg2 Qd4 31. b3 Re8 32. Bb2 Qf4 33. Qh3
Qf5 34. Qg3 Rf8 35. Qc7 Qf7 36. Qxc6 Qxf3 37. Qc7 Qf7 38. Qe5 Qd7 39. Nc5 Qa7
40. Qh8+ 1-0

[Event "4NCL/Div3/GUEM vs. BRI2"]
[Site "Wokefield Park ENG"]
[Date "2010.05.02"]
[Round "10.5"]
[White "Kumar, Shankar"]
[Black "White, Martin"]
[Result "1/2-1/2"]
[WhiteElo "1805"]
[BlackElo "1914"]
[PlyCount "33"]
[EventDate "2010.05.02"]
[SourceDate "2009.10.24"]

1. d4 Nf6 2. c4 e6 3. Nf3 Bb4+ 4. Nbd2 b6 5. a3 Bxd2+ 6. Qxd2 Bb7 7. b4 d6 8.
Bb2 O-O 9. e3 a5 10. Be2 {=} axb4 11. axb4 Rxa1+ 12. Bxa1 c5 13. O-O Nbd7 14.
Rd1 Qb8 15. Qb2 Qc7 16. h3 h6 17. Nh4 1/2-1/2

[Event "4NCL/Div3/GUEM vs. BRI2"]
[Site "Wokefield Park ENG"]
[Date "2010.05.02"]
[Round "10.6"]
[White "Thompson, Robert"]
[Black "Smith, David"]
[Result "1-0"]
[WhiteElo "1881"]
[BlackElo "1532"]
[PlyCount "107"]
[EventDate "2010.05.02"]
[SourceDate "2009.10.24"]

1. c4 Nf6 2. Nc3 d5 3. cxd5 Nxd5 4. g3 c6 5. Bg2 g6 6. Nf3 Bg7 7. O-O O-O 8.
Qc2 e5 9. d3 Be6 10. Bd2 Qc8 11. Ng5 Na6 12. Nxe6 Qxe6 13. Ne4 Rfe8 14. a3 Rab8
15. Rab1 Nac7 16. b4 Nb5 17. Qa4 h6 18. Nc5 Qe7 19. Rfc1 Rbd8 20. Qb3 Nd4 21.
Qd1 Kh7 22. a4 Ne6 23. Nxe6 Qxe6 24. Qb3 Re7 25. b5 Rc7 26. bxc6 b6 27. a5 Rxc6
28. Rxc6 Qxc6 29. Bxd5 Rxd5 30. axb6 axb6 31. Qxb6 Qxb6 32. Rxb6 Rd7 33. Be3
Kg8 34. h4 Rc7 35. Rb8+ Kh7 36. Kg2 Bf6 37. Kf3 Kg7 38. Bb6 Rc6 39. Bd8 Bxd8
40. Rxd8 Kf6 41. Rh8 h5 42. Re8 Kf5 43. e4+ Kf6 44. Ke3 Rd6 45. Ra8 Ke6 46. f4
f6 47. Re8+ Kf7 48. fxe5 Kxe8 49. exd6 Kd7 50. Kf4 Kxd6 51. d4 Ke6 52. e5 fxe5+
53. dxe5 Kf7 54. Kg5 1-0

[Event "4NCL/Div3/OXF3 vs. GUI4"]
[Site "Wokefield Park ENG"]
[Date "2010.05.02"]
[Round "10.1"]
[White "Ludbrook, Matthew"]
[Black "Waldock, Adrian DP"]
[Result "1-0"]
[WhiteElo "2011"]
[BlackElo "1850"]
[PlyCount "61"]
[EventDate "2010.05.02"]
[SourceDate "2009.10.24"]

1. e4 c5 2. Nc3 Nc6 3. g3 g6 4. Bg2 Bg7 5. d3 d6 6. Be3 e6 7. Qd2 a6 8. Nge2 e5
9. h3 Rb8 10. g4 b5 11. Ng3 Be6 12. O-O Nge7 13. Nd5 O-O 14. Bh6 f6 15. Bxg7
Kxg7 16. f4 b4 17. f5 Bxd5 18. exd5 Nd4 19. Rf2 Ng8 20. h4 Rb7 21. Raf1 Rbf7
22. fxg6 hxg6 23. h5 gxh5 24. c3 bxc3 25. bxc3 Nb5 26. Nxh5+ Kh8 27. Be4 f5 28.
Bxf5 Nc7 29. Rh2 Nxd5 30. Nf6+ Kg7 31. Qg5# 1-0

[Event "4NCL/Div3/OXF3 vs. GUI4"]
[Site "Wokefield Park ENG"]
[Date "2010.05.02"]
[Round "10.2"]
[White "Ward, Matthew J"]
[Black "Terry, Sean"]
[Result "1/2-1/2"]
[WhiteElo "1705"]
[BlackElo "1867"]
[PlyCount "31"]
[EventDate "2010.05.02"]
[SourceDate "2009.10.24"]

1. e4 Nf6 2. e5 Nd5 3. d4 d6 4. c4 Nb6 5. exd6 cxd6 6. Nc3 g6 7. Be3 Bg7 8. Nf3
O-O 9. Be2 N6d7 10. O-O Nc6 11. Rc1 b6 12. Qd2 Bb7 13. a3 Na5 14. Qd1 Rc8 15.
Nd2 f5 16. f4 1/2-1/2

[Event "4NCL/Div3/OXF3 vs. GUI4"]
[Site "Wokefield Park ENG"]
[Date "2010.05.02"]
[Round "10.3"]
[White "Foo, William J"]
[Black "Sathiraju, Vijay"]
[Result "1-0"]
[WhiteElo "1818"]
[BlackElo "1740"]
[PlyCount "67"]
[EventDate "2010.05.02"]
[SourceDate "2009.10.24"]

1. e4 e6 2. b3 d5 3. Bb2 dxe4 4. Nc3 Nf6 5. Qe2 Be7 6. O-O-O b6 7. d3 Ba6 8.
Nxe4 Nbd7 9. Nf3 O-O 10. Qd2 c5 11. c4 Qc7 12. g4 Nxe4 13. dxe4 Nf6 14. Bd3
Rfd8 15. Qe2 Qf4+ 16. Kb1 Nd7 17. e5 Bb7 18. Nd2 Bxh1 19. Rxh1 Qh6 20. Ne4 g6
21. Bc1 Qf8 22. f4 Kh8 23. h4 a5 24. a4 Nb8 25. h5 Nc6 26. hxg6 fxg6 27. Ng3
Qg7 28. f5 exf5 29. gxf5 Rxd3 30. Qxd3 Rd8 31. Qe4 gxf5 32. Nxf5 Qg6 33. Rh6
Rd4 34. Rxg6 1-0

[Event "4NCL/Div3/OXF3 vs. GUI4"]
[Site "Wokefield Park ENG"]
[Date "2010.05.02"]
[Round "10.4"]
[White "Galer, Sebastian E"]
[Black "Mate, Maria"]
[Result "1-0"]
[WhiteElo "1730"]
[BlackElo "1874"]
[PlyCount "101"]
[EventDate "2010.05.02"]
[SourceDate "2009.10.24"]

1. e4 e5 2. Nf3 Nf6 3. Nxe5 d6 4. Nf3 Nxe4 5. Qe2 Qe7 6. d3 Nf6 7. Bg5 Qxe2+ 8.
Bxe2 Be7 9. Nc3 a6 10. O-O Nc6 11. Rfe1 Be6 12. Nd2 O-O 13. Nce4 Nd5 14. c3 f6
15. Be3 f5 16. Ng5 Bxg5 17. Bxg5 h6 18. Bf3 Bf7 19. Be3 f4 20. Bd4 Nxd4 21.
cxd4 Nb4 22. Re7 Bxa2 23. Rxc7 Rf7 24. Rxb7 Rxb7 25. Bxb7 Ra7 26. Bf3 d5 27.
Rxa2 Rc7 28. Ra4 Rc1+ 29. Nf1 Nxd3 30. Bxd5+ Kf8 31. Rc4 Ra1 32. b3 Nc1 33. Rc2
Nd3 34. Re2 a5 35. Be4 Nc1 36. Re1 Ke7 37. g3 fxg3 38. hxg3 Kd6 39. Kg2 Nxb3
40. Rxa1 Nxa1 41. Nd2 a4 42. Kf3 Ke6 43. Ke3 a3 44. Bb1 Kd5 45. Kd3 h5 46. Ba2+
Kc6 47. Nb3 Nxb3 48. Bxb3 g5 49. d5+ Kd6 50. Ke4 Kc5 51. Ba2 1-0

[Event "4NCL/Div3/OXF3 vs. GUI4"]
[Site "Wokefield Park ENG"]
[Date "2010.05.02"]
[Round "10.5"]
[White "Pattni, Kishan"]
[Black "Yiamakis, Albert"]
[Result "0-1"]
[WhiteElo "1762"]
[BlackElo "1650"]
[PlyCount "92"]
[EventDate "2010.05.02"]
[SourceDate "2009.10.24"]

1. f4 d5 2. Nf3 g6 3. e3 Bg7 4. Be2 c5 5. d3 Nf6 6. Nbd2 O-O 7. O-O Nc6 8. Qe1
Ng4 9. Nb1 Qb6 10. Nc3 Nb4 11. Bd1 d4 12. exd4 cxd4 13. Ne4 Ne3 14. Bxe3 dxe3
15. Kh1 Nd5 16. Rb1 Nxf4 17. Qh4 e2 18. Bxe2 Nxe2 19. Qxe7 Bf5 20. Nd6 Be6 21.
Rbe1 Nf4 22. Ne4 Nd5 23. Qh4 Qd8 24. Qg3 Rc8 25. c4 Ne7 26. Nfg5 Bf5 27. Nxh7
Kxh7 28. Ng5+ Kg8 29. Qh4 Re8 30. Qh7+ Kf8 31. g4 Qd6 32. gxf5 Qc6+ 33. Rf3
Nxf5 34. Ne4 Nd6 35. Qxg6 Rxe4 36. Rxe4 Rc7 37. Ref4 Re7 38. h4 Re1+ 39. Kg2
Re2+ 40. Kh3 Qd7+ 41. Rg4 Be5 42. Qg8+ Ke7 43. Rfg3 Bxg3 44. Qg5+ f6 45. Qg7+
Nf7 46. Kxg3 Qxd3+ 0-1

[Event "4NCL/Div3/OXF3 vs. GUI4"]
[Site "Wokefield Park ENG"]
[Date "2010.05.02"]
[Round "10.6"]
[White "Driver, Nicholas"]
[Black "Langham, Rod E"]
[Result "0-1"]
[WhiteElo "1722"]
[BlackElo "1786"]
[PlyCount "116"]
[EventDate "2010.05.02"]
[SourceDate "2009.10.24"]

1. e4 e6 2. d4 d5 3. exd5 exd5 4. c4 Nf6 5. Nc3 c6 6. Bd3 dxc4 7. Bxc4 Bd6 8.
Nge2 O-O 9. Bg5 Nbd7 10. Bb3 Nb6 11. Qd2 Bf5 12. Ng3 Re8+ 13. Nce2 Be6 14. Bxe6
Rxe6 15. O-O Nbd5 16. f4 Qc7 17. f5 {=} Ne4 18. Qc1 Nxg3 19. Nxg3 Ree8 20. Rf3
f6 21. Bd2 {=} Re7 22. Qc4 Kf8 23. Raf1 Rae8 24. R1f2 Qb6 25. Bc3 Qc7 26. Bd2 {
=} a6 27. a3 Qd7 28. Qd3 Nc7 29. Nf1 Nd5 30. Ng3 Bc7 31. h3 Bxg3 32. Rxg3 Re4
33. Rgf3 Qe7 34. g4 h6 35. Kg2 Re2 36. Rxe2 Qxe2+ 37. Qxe2 {=} Rxe2+ 38. Rf2
Re4 39. Bc3 Ke7 40. Kf3 {=} Re3+ 41. Kg2 Nxc3 42. bxc3 Rxc3 43. a4 b5 44. axb5
axb5 45. Ra2 b4 46. Ra7+ Kd6 47. Rxg7 b3 48. Rb7 Kd5 49. h4 Ke4 50. Rb4 Rc2+
51. Kg3 Rc3+ 52. Kg2 Kd5 53. g5 fxg5 54. hxg5 hxg5 55. Kf2 g4 56. Kg2 Rf3 57.
f6 Rxf6 58. Rxb3 Rf4 0-1

[Event "4NCL/Div3/AMCAC vs. E2E43"]
[Site "Wokefield Park ENG"]
[Date "2010.05.02"]
[Round "10.1"]
[White "Cresswell, Mike J"]
[Black "Gibson, Christopher A"]
[Result "0-1"]
[WhiteElo "1858"]
[BlackElo "1973"]
[PlyCount "48"]
[EventDate "2010.05.02"]
[SourceDate "2009.10.24"]

1. e4 c5 2. Nf3 Nc6 3. d4 cxd4 4. Nxd4 Nf6 5. Nc3 e5 6. Ndb5 d6 7. Bd3 a6 8.
Na3 b5 9. Ne2 Be7 10. O-O O-O 11. c4 bxc4 12. Bxc4 Na5 13. Bd3 Bb7 14. Nc3 d5
15. Nxd5 Nxd5 16. exd5 Qxd5 17. f3 Rfd8 18. Qe1 Bc5+ 19. Kh1 Qxd3 20. Bg5 f6
21. Bxf6 gxf6 22. Qxa5 Rac8 23. Qa4 Rd4 24. Qa5 Qd2 0-1

[Event "4NCL/Div3/AMCAC vs. E2E43"]
[Site "Wokefield Park ENG"]
[Date "2010.05.02"]
[Round "10.2"]
[White "Livesey, R Nigel"]
[Black "Meechan, Catriona"]
[Result "1-0"]
[WhiteElo "1893"]
[BlackElo "1738"]
[PlyCount "59"]
[EventDate "2010.05.02"]
[SourceDate "2009.10.24"]

1. c4 g6 2. g3 Bg7 3. Bg2 c5 4. Nc3 Nf6 5. e4 e5 6. Nge2 d6 7. d3 h6 8. O-O Be6
9. h3 Qd7 10. Kh2 Nc6 11. Nd5 Ne7 12. Be3 Bxd5 13. cxd5 Nh7 14. Qd2 g5 15. f4
gxf4 16. gxf4 f5 17. fxe5 Bxe5+ 18. Bf4 O-O-O 19. d4 cxd4 20. Nxd4 fxe4 21. Ne6
Rdg8 22. Rac1+ Kb8 23. Rc7 Bxf4+ 24. Rxf4 Qe8 25. Qb4 b6 26. Qxd6 Nf5 27. Rc8+
Kb7 28. Qc7+ Ka6 29. Bf1+ b5 30. Nc5# 1-0

[Event "4NCL/Div3/AMCAC vs. E2E43"]
[Site "Wokefield Park ENG"]
[Date "2010.05.02"]
[Round "10.3"]
[White "O'Neill, Tom C"]
[Black "Jaszkiwskyj, Peter"]
[Result "0-1"]
[WhiteElo "1494"]
[BlackElo "1973"]
[PlyCount "84"]
[EventDate "2010.05.02"]
[SourceDate "2009.10.24"]

1. e4 e5 2. Nf3 Nc6 3. Bb5 a6 4. Ba4 Nf6 5. O-O b5 6. Bb3 Be7 7. Re1 d6 8. c3
O-O 9. h3 h6 10. d4 Re8 11. Nbd2 Bf8 12. Bc2 Bb7 13. Nf1 exd4 14. cxd4 Nb4 15.
Ng3 Nxc2 16. Qxc2 Qd7 17. Nh2 Rac8 18. f3 c5 19. d5 Nxd5 20. Bxh6 Nb4 21. Qd2
gxh6 22. Ng4 Qe6 23. Nh5 Bg7 24. a3 Nc6 25. f4 Qg6 26. Ng3 Nd4 27. f5 Qg5 28.
Qxg5 hxg5 29. f6 Bh8 30. Rad1 Re6 31. e5 dxe5 32. Nxe5 Rce8 33. Nd3 Rxe1+ 34.
Rxe1 Rxe1+ 35. Nxe1 Bxf6 36. Nd3 Nb3 37. Nf5 Be4 38. Nh6+ Kg7 39. Nf2 Kxh6 40.
Nxe4 Bxb2 41. Nd6 Kg6 42. a4 bxa4 0-1

[Event "4NCL/Div3/AMCAC vs. E2E43"]
[Site "Wokefield Park ENG"]
[Date "2010.05.02"]
[Round "10.4"]
[White "Turvey, Steven S"]
[Black "Coates, Christine"]
[Result "1-0"]
[WhiteElo "1856"]
[BlackElo "1458"]
[PlyCount "109"]
[EventDate "2010.05.02"]
[SourceDate "2009.10.24"]

1. e4 d5 2. exd5 Qxd5 3. Nc3 Qd6 4. d4 Nf6 5. Nf3 c6 6. h3 Bf5 7. Bd3 Bxd3 8.
Qxd3 e6 9. O-O Be7 10. Ne5 O-O 11. Bf4 Qd8 12. Nc4 c5 13. Rfd1 Nc6 14. Ne2 Nxd4
15. Nxd4 cxd4 16. Qxd4 Nd5 17. Be5 Bf6 18. Qe4 Bxe5 19. Nxe5 Qe7 20. Rd4 Rad8
21. Rad1 Nf6 22. Qd3 Rxd4 23. Qxd4 g6 24. c3 a6 25. Nd7 Qxd7 26. Qxd7 Nxd7 27.
Rxd7 Rb8 28. f4 Kg7 29. Kf2 b6 30. Ke3 Rc8 31. Rd6 Rb8 32. g4 Rb7 33. g5 h5 34.
Ke4 a5 35. Ke5 b5 36. Ra6 a4 37. b3 Rd7 38. Ke4 Rd2 39. bxa4 Rxa2 40. axb5 Rc2
41. Kd4 Rb2 42. Kc5 Kf8 43. Rd6 Rb3 44. Rd3 Ke7 45. b6 f6 46. Kc6 fxg5 47. fxg5
e5 48. Kc7 e4 49. Re3 Ke6 50. b7 Kd5 51. b8=Q Rxb8 52. Kxb8 Kc4 53. Rxe4+ Kxc3
54. Kc7 Kd3 55. Re6 1-0

[Event "4NCL/Div3/AMCAC vs. E2E43"]
[Site "Wokefield Park ENG"]
[Date "2010.05.02"]
[Round "10.5"]
[White "Dixit, Kumar"]
[Black "Booley, Graham M"]
[Result "0-1"]
[WhiteElo "1450"]
[BlackElo "1906"]
[PlyCount "80"]
[EventDate "2010.05.02"]
[SourceDate "2009.10.24"]

1. Nf3 Nf6 2. d4 e6 3. c4 d5 4. Bg5 c6 5. Nc3 Be7 6. e3 O-O 7. Bd3 dxc4 8. Bxc4
b5 9. Bd3 Nbd7 10. Rc1 Bb7 11. Qc2 h6 12. Bf4 a6 13. O-O c5 14. Ne4 c4 15.
Nxf6+ Nxf6 16. Be2 Nd5 17. Be5 Rc8 18. a3 Bd6 19. Bxd6 Qxd6 20. Ne5 Rc7 21. Bh5
Nf6 22. Bf3 Bxf3 23. Nxf3 Rfc8 24. h3 a5 25. Nd2 Nd5 26. Ne4 Qe7 27. Nc5 Qd6
28. Ne4 Qb6 29. Nc5 e5 30. Qf5 exd4 31. exd4 Ne7 32. Qg4 Qd6 33. Rfd1 Rd8 34.
Rc3 Rxc5 35. dxc5 Qxd1+ 36. Qxd1 Rxd1+ 37. Kh2 Rd5 38. Re3 Kf8 39. f4 Rxc5 40.
Kg3 Nf5+ 0-1

[Event "4NCL/Div3/AMCAC vs. E2E43"]
[Site "Wokefield Park ENG"]
[Date "2010.05.02"]
[Round "10.6"]
[White "Dean, Michael"]
[Black "Hemmings, David"]
[Result "1-0"]
[WhiteElo "1691"]
[BlackElo "1370"]
[PlyCount "83"]
[EventDate "2010.05.02"]
[SourceDate "2009.10.24"]

1. e4 e5 2. Nf3 d6 3. Bc4 Bg4 4. d3 Bxf3 5. Qxf3 Qf6 6. Qe2 Qe7 7. O-O Nc6 8.
Bb5 Qd7 9. f4 O-O-O 10. fxe5 dxe5 11. Be3 a6 12. Bc4 f6 13. Nc3 Nd4 14. Qf2 Bc5
15. a4 Ne7 16. Nd5 Nxd5 17. exd5 Rhf8 18. c3 Rfe8 19. cxd4 Bb4 20. dxe5 Rxe5
21. Bf4 Qe7 22. Bxe5 fxe5 23. Kh1 Bc5 24. Qf5+ Kb8 25. Qxh7 Rf8 26. Qe4 Bd4 27.
Qe2 Rh8 28. Rf3 Qd6 29. Rh3 Rf8 30. Rf1 Rxf1+ 31. Qxf1 Qg6 32. b3 Qg5 33. Rf3
Ka7 34. Rf7 Kb6 35. d6 cxd6 36. Bd5 Kc5 37. Bxb7 a5 38. Ba6 Kb4 39. Bc4 Ka3 40.
Qd1 Qh6 41. b4 Kb2 42. Qb3+ 1-0

[Event "4NCL/Div3/SCS vs. HAL"]
[Site "Wokefield Park ENG"]
[Date "2010.05.02"]
[Round "10.1"]
[White "Baptie, Justin P"]
[Black "Hurney, Kevin"]
[Result "1/2-1/2"]
[WhiteElo "2095"]
[BlackElo "2090"]
[PlyCount "39"]
[EventDate "2010.05.02"]
[SourceDate "2009.10.24"]

1. e4 d6 2. d4 Nf6 3. Nc3 g6 4. Bg5 Bg7 5. Qd2 O-O 6. Nf3 Bg4 7. O-O-O Bxf3 8.
gxf3 Nc6 9. d5 Ne5 10. Be2 c6 11. Bh6 cxd5 12. Bxg7 Kxg7 13. Nxd5 Nxd5 14. Qxd5
Qb6 15. Qd4 Qxd4 16. Rxd4 Rac8 17. f4 Nc6 18. Rd2 Rc7 19. Bf3 Rfc8 20. Kb1
1/2-1/2

[Event "4NCL/Div3/SCS vs. HAL"]
[Site "Wokefield Park ENG"]
[Date "2010.05.02"]
[Round "10.3"]
[White "Clarke, Sean A"]
[Black "Lee, Darren"]
[Result "1-0"]
[WhiteElo "1786"]
[BlackElo "1890"]
[PlyCount "39"]
[EventDate "2010.05.02"]
[SourceDate "2009.10.24"]

1. Nf3 f5 2. d4 e6 3. Bf4 Nf6 4. c3 b6 5. Nbd2 Bb7 6. e3 Be7 7. Be2 O-O 8. O-O
Nh5 9. Ne5 Nxf4 10. exf4 d6 11. Nef3 Qe8 12. Bc4 Qg6 13. Re1 Be4 14. Qe2 d5 15.
Bb3 Nc6 16. Qf1 Bxf3 17. Nxf3 Bd6 18. Qb5 Na5 19. Rxe6 Qg4 20. Bxd5 1-0

[Event "4NCL/Div3/SCS vs. HAL"]
[Site "Wokefield Park ENG"]
[Date "2010.05.02"]
[Round "10.4"]
[White "Peck, Windsor WA"]
[Black "Lutton, J Arnold"]
[Result "0-1"]
[WhiteElo "1856"]
[BlackElo "1823"]
[PlyCount "104"]
[EventDate "2010.05.02"]
[SourceDate "2009.10.24"]

1. d4 e6 2. Nf3 Be7 3. e3 d5 4. Bd3 Nf6 5. Nbd2 Nbd7 6. O-O O-O 7. b3 c5 8. c4
Qa5 9. Bb2 a6 10. a4 cxd4 11. exd4 b6 12. Qc2 Bb4 13. Rfc1 Bb7 14. Bc3 Bxc3 15.
Qxc3 Qxc3 16. Rxc3 Rac8 17. Rcc1 Rfe8 18. Re1 a5 19. h3 Rc7 20. Re3 Rd8 21. Rb1
Ba6 22. Bf1 Nb8 23. Ne5 Bb7 24. Ndf3 Na6 25. Rc1 Nb4 26. Nd3 Na6 27. Ree1 dxc4
28. Nde5 c3 29. Bxa6 Bxa6 30. Nc4 Nd5 31. Ne3 Nb4 32. Nc4 Nd3 33. Rxc3 Nxe1 34.
Nxe1 Rxd4 35. Nf3 Rd1+ 36. Kh2 f6 37. Rc2 Rd3 38. Rb2 Bxc4 39. bxc4 Rxc4 40.
Rxb6 e5 41. Rb7 Rxa4 42. Ra7 Rd5 43. g4 Rc4 44. Ra8+ Kf7 45. Ra7+ Ke6 46. Ra6+
Kd7 47. Ne1 Kc8 48. Ng2 Rc7 49. Ne3 Rb5 50. Nf5 Kb7 51. Re6 Ka7 52. Ne3 a4 0-1

[Event "4NCL/Div3/SCS vs. HAL"]
[Site "Wokefield Park ENG"]
[Date "2010.05.02"]
[Round "10.5"]
[White "Bogoda, Nathasha O"]
[Black "Pitt, Chris W"]
[Result "1-0"]
[WhiteElo "1658"]
[BlackElo "1698"]
[PlyCount "97"]
[EventDate "2010.05.02"]
[SourceDate "2009.10.24"]

1. d4 Nf6 2. c4 g6 3. Nc3 Bg7 4. e4 d6 5. Nf3 O-O 6. Be2 e5 7. O-O Nbd7 8. Be3
c6 9. Qd2 Ng4 10. Bg5 Bf6 11. h3 Bxg5 12. Nxg5 exd4 13. Qxd4 Qxg5 14. Bxg4 h5
15. f4 Qc5 16. Qxc5 dxc5 17. Bxd7 Bxd7 18. Rad1 Rad8 19. b3 Bc8 20. Rfe1 Rd4
21. Kf2 Rfd8 22. Ke3 Kf8 23. Kf3 b5 24. cxb5 Rxd1 25. Rxd1 Rxd1 26. Nxd1 cxb5
27. Nc3 a6 28. Ke3 Bb7 29. g3 Ke7 30. e5 Ke6 31. Ne4 Kd5 32. Nd6 Bc6 33. Nxf7
Bd7 34. h4 c4 35. b4 Bf5 36. a3 c3 37. Ng5 Kc4 38. e6 Kb3 39. e7 Bd7 40. Ne6 c2
41. Nd4+ Kb2 42. Nxc2 Kxc2 43. Ke4 Kb3 44. Ke5 Kxa3 45. Kf6 Be8 46. f5 gxf5 47.
Kxf5 Kxb4 48. g4 hxg4 49. Kxg4 1-0

[Event "4NCL/Div3/SCS vs. HAL"]
[Site "Wokefield Park ENG"]
[Date "2010.05.02"]
[Round "10.6"]
[White "Llewelyn, John D"]
[Black "Ballard, Edward"]
[Result "1-0"]
[WhiteElo "1674"]
[BlackElo "1226"]
[PlyCount "101"]
[EventDate "2010.05.02"]
[SourceDate "2009.10.24"]

1. e4 e5 2. Nf3 Nc6 3. Bb5 Nf6 4. d3 d6 5. c3 h6 6. Nbd2 Bd7 7. Nf1 a6 8. Ba4
Be7 9. Ng3 Bg4 10. h3 Bxf3 11. Qxf3 Qd7 12. O-O O-O-O 13. Be3 d5 14. d4 Qd6 15.
Nf5 Qd7 16. exd5 Qxd5 17. Bxc6 Qxf3 18. Nxe7+ Kb8 19. gxf3 exd4 20. cxd4 Rd6
21. Be4 g6 22. Bf4 Rxd4 23. Be5 Re8 24. Bxd4 Nxe4 25. fxe4 Rxe7 26. Rfe1 Kc8
27. Rad1 b6 28. Bf6 Re6 29. Rd8+ Kb7 30. e5 Kc6 31. Rc1+ Kb5 32. Rxc7 a5 33.
Rd5+ Ka6 34. a4 h5 35. Rdd7 b5 36. Rd6+ Rxd6 37. exd6 Kb6 38. axb5 a4 39. Rxf7
a3 40. bxa3 g5 41. a4 g4 42. hxg4 hxg4 43. Kg2 g3 44. f3 Ka5 45. Kxg3 Kb6 46.
d7 Ka5 47. d8=Q+ Kxa4 48. Qd3 Kb4 49. Be7+ Ka5 50. Bc5 Ka4 51. Ra7# 1-0